La virgen de Guadalupe : imagen y tradición /

Análisis del culto a la Virgen de Guadalupe en México, visto como la conjugación de los sentimientos religiosos y patrióticos del pueblo mexicano y, por lo tanto, como un ejemplo depurado de la función social del mestizaje. El autor centra su estudio en torno a la doctrina, la historia y las ceremon...

Descripció completa

Guardat en:
Dades bibliogràfiques
Autor principal: Brading, David A. (autor)
Format: Llibre
Idioma:espanyol
Publicat: México : Taurus, 2002, c2002
Col·lecció:(Pasado y Presente)
Matèries:
Etiquetes: Afegir etiqueta
Sense etiquetes, Sigues el primer a etiquetar aquest registre!

MARC

LEADER 00000nam^a2200000^a^4500
001 000142120
005 20250521000000.0
009 20260310095639.346
020 |a 968-19-0659-4 
037 |a Acervo ITESO - Biblioteca 
041 |a ESP 
082 |a 306. 60972  |b BRA 
100 |a Brading, David A.  |e (autor) 
245 1 3 |a La virgen de Guadalupe :  |b imagen y tradición /  |c D.A. Brading ; tr. por Aura Levy, Aurelio Major. 
264 4 |a México :  |b Taurus,  |c 2002, c2002 
300 |a 645 p. 
336 |a texto  |b txt  |2 rdacontenido 
337 |a sin mediación  |b n  |2 rdamedio 
338 |a volumen  |b nc  |2 rdasoporte 
440 1 |a (Pasado y Presente) 
500 |a Traducción de: Mexican Phoenix: Our Lady of Guadalupe: Image and Tradition Across Five Centuries 
520 |a Análisis del culto a la Virgen de Guadalupe en México, visto como la conjugación de los sentimientos religiosos y patrióticos del pueblo mexicano y, por lo tanto, como un ejemplo depurado de la función social del mestizaje. El autor centra su estudio en torno a la doctrina, la historia y las ceremonias guadalupanas con la intención de entender la construcción, transformación y vigencia social de la Virgen en el marco de la identidad mexicana. 
649 |a XX 
650 |a Virgen de Guadalupe -  |x Apariciones y Milagros -  |x Historia 
650 |a Virgen de Guadalupe -  |z México -  |x Culto 
650 |a Virgen María -  |x Apariciones y Milagros -  |x Historia 
650 |a Virgen María -  |z México -  |x Culto 
650 |a Culto Religioso -  |z México -  |x Historia 
650 |a Prácticas Culturales -  |z México 
650 |a Identidad Cultural -  |z México 
650 |a Identidad Nacional -  |z México 
650 |a Prácticas Culturales 
650 |a Iglesia Católica en México -  |x Historia 
650 |a Catolicismo -  |z México -  |x Historia 
650 |a Cristianismo -  |z México -  |x Historia 
650 |a Religión -  |z México -  |x Historia 
650 |a Sociología de la Cultura -  |z México 
650 |a Sociología de la Religión -  |z México 
910 |a Fondo General 
920 |a Impresos - Libros 
930 |a Colección General 
905 |a 101 
901 |a 0500070748  |b IT1  |c ACC  |u 20250521 
902 |a https://opac.biblio.iteso.mx/vufind/Record/000142120